| 000 | 00828cam a22002653a 4500 | ||
|---|---|---|---|
| 001 | 1894 | ||
| 003 | PGUSA | ||
| 005 | 20140828083007.0 | ||
| 008 | 990901s1999||||xxu|||||s|||||000 p eng d | ||
| 040 |
_aPGUSA _beng |
||
| 042 | _adc | ||
| 050 | 4 | _aDL | |
| 100 | 1 |
_aPfeiffer, Ida, _d1797-1858 |
|
| 245 | 1 | 0 |
_aVisit to Iceland and the Scandinavian North _h[electronic resource] / _cIda Pfeiffer |
| 260 |
_bProject Gutenberg, _c1999 |
||
| 506 | _aPublic domain in the USA. | ||
| 516 | _aElectronic text | ||
| 653 | _aOld Norse poetry -- History and criticism | ||
| 653 | _aScandinavia -- Description and travel | ||
| 653 | _aIceland -- Description and travel | ||
| 700 | 1 |
_aBergmann, Frédéric Guillaume, _d1812-1887 |
|
| 830 | 0 |
_aProject Gutenberg _v1894 |
|
| 856 | 4 | 0 | _uhttp://www.gutenberg.org/ebooks/1894 |
| 942 | _cEB | ||
| 999 |
_c231237 _d231237 |
||